Coloriez les pays en devinant des villes #2 - Statistiques

Statistiques générales
  • Ce quiz a été pris 14 896 fois
    14 895 depuis la dernière actualisation
  • Le résultat moyen est 9 sur 20
Réponses sur la Carte
Les réponses sont colorées sur une échelle allant du rouge au vert en fonction du pourcentage des utilisateurs qui les ont devinées à leur premier essai. Vous pouvez retrouver ces pourcentages ci-dessous.
 
Statistiques - réponses
Population Ville % Correct
6,79 m Madrid
97%
14,2 m Londres
95%
5,47 m Barcelone
93%
1,17 m Dublin
86%
1,59 m Oslo
83%
1,52 m Séville
73%
10,0 m Lima
69%
5,92 m Toronto
68%
2,46 m Vancouver
57%
1,04 m Bilbao
52%
4,33 m Birmingham
42%
210 k Cork
33%
420 k Bergen
23%
79,9 k Galway
18%
778 k Winnipeg
16%
1,38 m Nottingham
7%
319 k Stavanger
7%
1,03 m Arequipa
6%
962 k Trujillo
5%
13,7 k Thompson
1%
Aucun quiz correspondant
Distribution des résultats
% des personnes avec chaque résultat
Percentile par nombre de réponses
Votre historique - résultats
Vous n’avez pas pris ce quiz depuis la dernière actualisation